[Event "38th IND-chT 2018"]
[Site "Patia"]
[Date "2018.02.11"]
[Round "6"]
[White "Ram, S. Krishnan"]
[Black "Laxman, R.R."]
[Result "0-1"]
[WhiteElo "2197"]
[BlackElo "2456"]
[Annotator "TA"]
[PlyCount "37"]
[EventDate "2018.??.??"]
[EventType "team-tourn"]
[EventCountry "IND"]
[SourceTitle "playchess.com"]
[Source "ChessBase"]
[SourceQuality "1"]

{[%evp 11,37,-13,-8,-39,-37,-77,-58,-69,-83,-74,-48,-68,-38,-120,-113,-108,-104,-113,-118,-102,-115,-118,-111,-160,-135,-181,-174,-168]} 1. d4 Nf6 2. Bg5 d5 3. Bxf6 exf6 4. e3 c6 5. Bd3 f5 (5... Bd6 6. Nd2 f5 7. c4 Be6 8. Ne2 Nd7 9. cxd5 cxd5 10. Nc3 O-O 11. Qf3 g6 12. Nxd5 Qa5 13. Nc3 Ba3 14. Nb3 {1-0 (92) Mamedyarov,S (2743)-Laznicka,V (2679) Dubai 2014}) 6. Nd2 {D00: Damenbauernspiele} g6 {LiveBook: 3 Partien} 7. Qf3 Nd7 {[%cal Bb8d7,Bd7f6,Bf6e4][%mdl 32]} 8. O-O-O $146 {Schwarz steht etwas besser.} ({Vorgänger:} 8. Ne2 Nf6 9. O-O-O Be6 10. Nf4 Bd6 11. Kb1 Qe7 12. h3 O-O-O 13. Rc1 {1-0 (42) Sedlak,N (2576)-Abramovic,B (2488) Subotica 2008}) 8... Nf6 9. h3 Bd6 10. Ne2 Bd7 11. c4 Ne4 {Droht ...Sg5 und aus.} 12. Nf4 {[#]} (12. g4 $15) 12... Qa5 $1 $17 13. c5 Be7 14. a3 b6 15. Nb3 Qa4 16. Bc2 Qb5 17. g4 a5 18. gxf5 Bxf5 ({Keinesfalls} 18... bxc5 19. dxc5 Rb8 20. fxg6 $17) 19. Qg2 {Precision: Weiß = 40%, Schwarz = 85%.} 0-1

[Event "38th IND-chT 2018"]
[Site "Patia"]
[Date "2018.02.11"]
[Round "6"]
[White "Sumit, Kumar"]
[Black "Shyam, Sundar M."]
[Result "0-1"]
[WhiteElo "2191"]
[BlackElo "2521"]
[Annotator "TA"]
[PlyCount "82"]
[EventDate "2018.??.??"]
[EventType "team-tourn"]
[EventCountry "IND"]
[SourceTitle "playchess.com"]
[Source "ChessBase"]
[SourceQuality "1"]

{[%evp 19,82,12,15,0,0,3,41,33,72,65,66,-5,-8,-2,0,2,7,18,10,-38,-33,-40,-35,-46,-29,-33,-34,-27,-33,-31,-28,-59,-59,-59,-61,-56,-62,-57,-58,-74,-72,-163,-150,-164,-164,-218,-184,-183,-176,-277,-274,-354,-332,-655,-655,-639,-507,-1497,-686,-1537,-1483,-1185,-1119,-1512,-1432]} 1. e4 c5 2. Nf3 d6 3. Bb5+ Nd7 4. d4 cxd4 5. Qxd4 a6 6. Bxd7+ Bxd7 7. c4 {B51: Sicilian: Moscow Variation (3 Bb5+) without 3...Bd7} (7. Nc3 e5 8. Qd3 Rc8 9. O-O Qc7 10. a4 Be7 11. Rd1 h6 12. Nd2 Nf6 13. Nf1 O-O 14. Ne3 Be6 15. a5 Rfd8 {½-½ (58) Demchenko,A (2660)-Vachier Lagrave,M (2789) Riadh 2017}) 7... e5 8. Qd3 b5 9. Nc3 bxc4 10. Qxc4 Be6 {LiveBook: 37 Games} 11. Qa4+ (11. Qd3 {with more complications.} h6 12. Be3 Nf6 13. Rc1 Be7 14. O-O) 11... Qd7 12. Qxd7+ Kxd7 $146 (12... Bxd7 {is interesting.} 13. O-O Rc8 14. Bd2 Be7 15. Rac1 f5) ({Predecessor:} 12... Bxd7 13. Nd5 Rc8 14. Nb6 Rc6 15. Nxd7 Kxd7 {½-½ (23) Alekseev,E (2675)-Cheparinov,I (2681) Kocaeli 2014}) 13. O-O Ne7 14. b3 Nc6 {[%cal Be7c6,Bc6a7,Ba7b5,Bb5c3][%mdl 32]} 15. Bb2 (15. Na4 $14) 15... Be7 $11 16. Rfd1 Rhc8 17. Na4 {Black must now prevent Nxe5+.} Kc7 $1 18. Rac1 Kb7 19. Ba3 Na7 $1 20. h3 Nb5 21. Bb4 f6 22. Ba5 Rxc1 23. Rxc1 Rc8 24. Rxc8 Bxc8 25. Nc3 Nxc3 26. Bxc3 $15 {[%mdl 4096] Endgame KBB-KBN} Kc6 27. Kf1 d5 28. exd5+ Kxd5 29. Nd2 Bd7 30. a4 {[#]} (30. f3 $17 {is a better defense.}) 30... Bf5 $1 $19 31. Ke2 Bc2 32. f3 (32. Ba5 {keeps fighting.}) 32... h5 {[%cal Bh7h5,Bh5h4][%mdl 32]} 33. Ba5 h4 34. Bc3 {[#]} (34. Bb6 $142) 34... Bxb3 $1 {[%mdl 512]} 35. Nxb3 {Hoping for Nd2.} Kc4 $1 {[%csl LRb3,LRc3]} 36. Bxe5 $2 (36. Nc5 Bxc5 37. Be1) 36... Kxb3 {KB-KB. Black is clearly winning.} ({Weaker is} 36... fxe5 37. Na5+ Kc5 38. Kd3 $15) 37. Bc7 Kxa4 38. f4 (38. Ke3 $142 Bb4 39. Ke4) 38... Kb5 (38... a5 $142 39. Kd3 Kb4) 39. Kf3 f5 40. Ke3 a5 41. Be5 Bf6 {Precision: White = 37%, Black = 79%.} 0-1

[Event "38th IND-chT 2018"]
[Site "Patia"]
[Date "2018.02.11"]
[Round "6"]
[White "Shetty Rahul"]
[Black "Kumar, S.."]
[Result "1-0"]
[WhiteElo "2166"]
[BlackElo "1922"]
[Annotator "NA"]
[PlyCount "63"]
[EventDate "2018.??.??"]
[EventType "team-tourn"]
[EventCountry "IND"]
[SourceTitle "playchess.com"]
[Source "ChessBase"]
[SourceQuality "1"]
[TimeControl "5400+30"]

1. e4 c5 2. Nc3 a6 3. Nge2 e6 4. d4 cxd4 5. Nxd4 d6 6. Be3 Nf6 7. f4 Be7 8. Qf3 Qc7 9. Bd3 Nbd7 10. g4 g5 11. Nb3 h5 12. gxh5 gxf4 13. Qxf4 Nxh5 14. Qf2 Ne5 15. Rf1 Nf6 16. Bb6 Qd7 17. O-O-O Neg4 18. Qg3 Qc6 19. Bd4 e5 20. Bg1 Nh5 21. Qe1 Nf4 22. Nd5 Bg5 23. Kb1 Be6 24. Na5 Qc8 25. Nb6 Qb8 26. Qb4 Ra7 27. Nbc4 Be7 28. Nc6 Qc7 29. Nxe7 Kxe7 30. Bxa7 Nxd3 31. cxd3 b5 32. Nxd6 1-0

[Event "38th IND-chT 2018"]
[Site "Patia"]
[Date "2018.02.11"]
[Round "6"]
[White "Baivab, Mishra"]
[Black "Sriram, Jha"]
[Result "1/2-1/2"]
[WhiteElo "2139"]
[BlackElo "2388"]
[Annotator "NA"]
[PlyCount "101"]
[EventDate "2018.??.??"]
[EventType "team-tourn"]
[EventCountry "IND"]
[SourceTitle "playchess.com"]
[Source "ChessBase"]
[SourceQuality "1"]
[TimeControl "5400+30"]

1. d4 Nf6 2. c4 e6 3. Nf3 b6 4. g3 Ba6 5. b3 Bb4+ 6. Bd2 Be7 7. Bg2 d5 8. cxd5 exd5 {LiveBook: 323 Games} 9. O-O O-O 10. Nc3 Re8 11. Re1 {E15: Queen's Indian: 4 g3 sidelines, 4 g3 Ba6 and 4 g3 Bb7 early deviations} (11. Qc2 c5 12. Rfd1 Nc6 13. Be3 Rc8 14. Qf5 g6 15. Qf4 cxd4 16. Nxd4 Bd6 17. Nxc6 Rxc6 18. Qa4 Rxc3 19. Qxa6 Rcxe3 20. fxe3 {1-0 (55) Ivanchuk,V (2729)-Karjakin,S (2760) Medias 2017}) 11... Bb7 12. Rc1 Ne4 13. Ne5 Nxc3 $146 ({Predecessor:} 13... Nd7 14. Nxe4 Nxe5 15. Nc5 bxc5 16. dxe5 Bf8 17. Bc3 c6 18. e3 a5 {1-0 (54) Piankov,E (2310)-Keschitz,G (2290) Budapest 1993}) 14. Bxc3 Nd7 15. Nd3 Nf6 16. Bb4 Bxb4 17. Nxb4 Qd6 18. Nd3 Re7 19. e3 c6 20. Re2 Rc8 21. Rec2 Rcc7 22. Qe1 g6 23. Qb4 Qd8 24. a4 Ba6 25. Nf4 Bb7 26. a5 Rc8 27. axb6 axb6 28. Bf3 Ra8 29. h4 Ne4 30. Kg2 $11 c5 31. dxc5 bxc5 32. Qe1 d4 33. Qd1 Qb6 34. b4 cxb4 35. Qxd4 Qxd4 36. exd4 b3 37. Rb2 Ra2 38. Rxb3 Nxf2 39. Rxb7 Ne4+ 40. Kg1 Rxb7 41. Bxe4 Rb3 42. Bd3 Rd2 43. Re1 Rdxd3 44. Nxd3 Rxd3 45. Kg2 Rxd4 46. Re7 Kg7 47. Ra7 h5 48. Ra6 Re4 49. Kf3 Re6 50. Ra7 Kf6 51. Kf4 1/2-1/2

[Event "38th IND-chT 2018"]
[Site "Patia"]
[Date "2018.02.11"]
[Round "6"]
[White "Hari Madhavan N B"]
[Black "Satyapragyan, Swayangsu"]
[Result "0-1"]
[WhiteElo "2086"]
[BlackElo "2398"]
[Annotator "NA"]
[PlyCount "56"]
[EventDate "2018.??.??"]
[EventType "team-tourn"]
[EventCountry "IND"]
[SourceTitle "playchess.com"]
[Source "ChessBase"]
[SourceQuality "1"]
[TimeControl "5400+30"]

1. d4 Nf6 2. Nf3 c5 3. c3 Qc7 4. e3 {A46: 1 d4 Nf6 2 Nf3 e6: Torre, London and Colle Systems} (4. g3 g6 5. Bg2 Bg7 6. O-O O-O 7. Re1 d5 8. Bf4 Qb6 9. Qb3 Nc6 10. dxc5 Qxc5 11. Nbd2 Re8 12. Be3 Qa5 13. c4 d4 14. Bg5 h6 15. Bxf6 exf6 {½-½ (61) Aronian,L (2792)-Vachier Lagrave,M (2789) Leuven 2016}) 4... g6 5. Bd3 Bg7 6. O-O O-O 7. Na3 $146 ({Predecessor:} 7. b4 c4 8. Bc2 a5 9. b5 d5 10. a4 Nbd7 11. Nbd2 Re8 {0-1 (55) Fenollar Jorda,M (2307)-Djuric,S (2464) Campillos 2007}) 7... d6 8. e4 a6 9. Bf4 Nbd7 10. b4 e5 11. Bd2 b5 12. dxc5 dxc5 13. c4 Bb7 14. Qc2 Rfc8 15. Rac1 Qb6 16. Qb1 cxb4 17. Bxb4 Nc5 18. Bxc5 Qxc5 19. Qb2 b4 20. Nc2 Nxe4 21. Qxb4 Qa7 22. Qe1 Nc5 23. Be2 e4 24. Nd2 Re8 25. Ne3 Rad8 26. Rc2 Nd3 27. Qb1 Bd4 28. Nb3 $19 (28. c5 $17 {was the crucial defense.}) 28... Bxe3 0-1

[Event "38th IND-chT 2018"]
[Site "Patia"]
[Date "2018.02.11"]
[Round "6"]
[White "Panda, Sambit"]
[Black "Deshmukh, Anup"]
[Result "0-1"]
[WhiteElo "2085"]
[BlackElo "2284"]
[Annotator "NA"]
[PlyCount "64"]
[EventDate "2018.??.??"]
[EventType "team-tourn"]
[EventCountry "IND"]
[SourceTitle "playchess.com"]
[Source "ChessBase"]
[SourceQuality "1"]
[TimeControl "5400+30"]

1. d4 Nf6 2. c4 e5 3. dxe5 Ng4 4. Nf3 Bc5 5. e3 Nc6 6. a3 a5 7. Bd2 {A52: Budapest Gambit} (7. Nc3 Ngxe5 8. Nxe5 Nxe5 9. f4 Ng6 10. Bd3 d6 11. O-O f5 12. Rb1 c6 13. b4 axb4 14. axb4 Ba7 15. Kh1 O-O 16. Rf3 Be6 {1-0 (34) Beliavsky,A (2599)-Mamedyarov,S (2646) Sant Lluis 2005}) 7... O-O 8. Bc3 Re8 9. Nbd2 Ncxe5 10. Nxe5 Nxe5 11. Nf3 $146 ({Predecessor:} 11. b4 Bf8 12. Be2 d6 13. Nf3 Nxf3+ 14. Bxf3 Be7 {½-½ (32) Kelecevic,N (2250)-Filipovic,B (2374) Belp 2015}) 11... Ng4 12. Be2 Bxe3 13. fxe3 Nxe3 14. Qd2 Ra6 15. Kf2 Ng4+ 16. Kg1 Rd6 17. Bd3 b6 18. Qf4 Rxd3 19. Qxg4 f6 20. Qf5 $16 Ree3 21. Nd4 Bb7 22. Kf2 g6 23. Qb5 Qe7 24. Rhe1 Qe4 25. Rxe3 Qxg2+ 26. Ke1 Qg1+ 27. Ke2 Rxe3+ 28. Kd2 Qf2+ 29. Kd1 Be4 30. Qxd7 Qf1+ 31. Kd2 Rd3+ 32. Kc2 Rxc3+ 0-1

[Event "38th IND-chT 2018"]
[Site "Patia"]
[Date "2018.02.11"]
[Round "6"]
[White "Bose, Sayan"]
[Black "Stany, G.A."]
[Result "0-1"]
[WhiteElo "1963"]
[BlackElo "2500"]
[Annotator "TA"]
[PlyCount "60"]
[EventDate "2018.??.??"]
[EventType "team-tourn"]
[EventCountry "IND"]
[SourceTitle "playchess.com"]
[Source "ChessBase"]
[SourceQuality "1"]

{[%evp 22,60,10,9,14,29,26,0,0,-15,0,7,9,-6,-8,-4,-19,-24,-33,-30,-25,-59,-25,-27,-32,-34,-20,-32,-18,-98,-95,-430,-418,-435,-427,-433,-431,-417,-420,-602,-495]} 1. e4 e5 2. Nf3 Nc6 3. Bb5 a6 4. Ba4 Nf6 5. d4 exd4 6. O-O Be7 7. e5 Ne4 8. Nxd4 Nxd4 9. Qxd4 Nc5 10. Nc3 O-O 11. Be3 d6 12. Rad1 {LiveBook: 4 Games} b5 {C84: Closed Ruy Lopez: Unusual White 6th moves} 13. Bb3 Nxb3 14. Qe4 $146 ({Predecessor:} 14. axb3 dxe5 15. Qxe5 Bd6 16. Qh5 Bb7 17. Nd5 Bxd5 18. Rxd5 Qf6 19. Bd4 Qg6 20. Rg5 Qxh5 21. Rxg7+ {1-0 (66) Wittmann,W (2415)-Trajkovic,M Caorle 1982}) 14... Bd7 {aiming for ...Na5.The position is equal.} 15. axb3 dxe5 16. Qxe5 Bd6 17. Qd4 Bf5 18. Rd2 Re8 19. Rfd1 Qe7 20. Nd5 Qe6 $36 {[%mdl 2048] Black has the initiative.} 21. Qh4 h6 (21... Qg6 $5 {[%cal Rf5c2]} 22. Nf4 Bxf4 23. Qxf4 Bxc2 $17) 22. c4 bxc4 23. bxc4 Rab8 24. c5 Be5 25. Qa4 {[#]} (25. f4 $11 {remains equal.} c6 26. fxe5 cxd5 27. Qa4) 25... Be4 $1 $17 {[%mdl 512]} 26. Nf4 $2 {[%mdl 8192]} (26. h3 $17) (26. Qxe4 Bxh2+) 26... Bxf4 $1 $19 27. Bxf4 {[#]} Bc2 $1 {[%mdl 512] ( -> ...Qe1+!)} 28. Qa1 (28. Qxc2 Qe1+) 28... Bxd1 29. Rxd1 {[#]} Rxb2 $1 {[%mdl 512]} 30. Be3 (30. Qxb2 $2 {[#] is a self mate.} Qe1+ $1 {[%mdl 512]} 31. Rxe1 Rxe1#) (30. Bxc7 $142 Rc2 31. Bd6) 30... Qa2 {Precision: White = 22%, Black = 89%.} 0-1

[Event "38th IND-chT 2018"]
[Site "Patia"]
[Date "2018.02.11"]
[Round "6"]
[White "Sathya Giri V"]
[Black "Swayams, Mishra"]
[Result "0-1"]
[WhiteElo "1913"]
[BlackElo "2439"]
[Annotator "TA"]
[PlyCount "72"]
[EventDate "2018.??.??"]
[EventType "team-tourn"]
[EventCountry "IND"]
[SourceTitle "playchess.com"]
[Source "ChessBase"]
[SourceQuality "1"]

{[%evp 13,72,0,-7,-20,7,-22,-21,-15,0,4,16,9,19,15,52,27,23,-17,-2,-8,19,-113,-114,-114,-102,-106,-110,-110,-111,-120,-113,-113,-105,-86,-81,-82,-72,-109,-105,-112,-110,-112,-110,-102,-102,-102,-105,-116,-109,-109,-106,-186,-172,-238,-244,-239,-216,-226,-216,-301,-291]} 1. d4 Nf6 2. Nf3 g6 3. g3 Bg7 4. Bg2 c5 5. e3 (5. c4 cxd4 6. Nxd4 O-O 7. Nc3 Nc6 8. O-O Qa5 9. e3 d6 10. Bd2 Qc5 11. Nxc6 bxc6 12. b3 d5 13. cxd5 cxd5 14. Rc1 Qd6 15. e4 Bg4 16. Qe1 dxe4 17. Nxe4 Nxe4 {1-0 (57) Vachier Lagrave,M (2811)-Ragger,M (2694) Novi Sad 2016}) 5... O-O 6. O-O {A49: 1 d4 Nf6 2 Nf3 g6 3 g3: Anti-King's Indian systems} d6 7. c4 Nc6 {LiveBook: 5 Games} 8. h3 {The position is equal.} Ne4 $146 ({Predecessor:} 8... cxd4 9. exd4 d5 10. cxd5 Nb4 11. Nc3 Nbxd5 12. Qe2 Be6 13. Bd2 Rc8 14. Ng5 Nxc3 15. bxc3 {0-1 (43) Melo,V-Marques,V (2215) Sao Paulo 1997}) 9. Nbd2 Nxd2 10. Qxd2 Bf5 11. b3 Qd7 12. Kh2 Be4 13. Bb2 Rfd8 14. Rfd1 cxd4 15. exd4 (15. Nxd4 {is more complex.} Bxg2 16. Kxg2 Nxd4 17. Bxd4 b5 18. Bxg7 Kxg7 19. Rac1) 15... d5 {[%cal Bd6d5,Bd5d4][%mdl 32]} 16. c5 Bf6 17. Ne5 (17. b4 $11 {remains equal.}) 17... Bxe5 $1 $17 18. dxe5 {Black must now prevent Bxe4.} Bxg2 19. Kxg2 d4 20. f4 Qd5+ 21. Kh2 Qxc5 22. Rac1 Qd5 23. Qg2 f6 24. exf6 exf6 {[%cal Be7f6,Bf6f5][%mdl 32]} 25. Qxd5+ Rxd5 26. Rd2 Re8 27. Rcd1 {[%cal Rb2d4]} Re4 28. Kg2 Kf7 29. Kf3 {[#]} f5 $1 30. Re2 Rxe2 31. Kxe2 {[%mdl 4096] Endgame KRB-KRN} Rd7 32. Ba3 {[#]} (32. Kd3 $17 {is a better defense.}) 32... Rd8 $1 $19 33. Kd3 (33. Bc1 {was necessary.}) 33... Re8 34. Bc1 Nb4+ 35. Kc4 Nxa2 36. Bb2 Rc8+ {Precision: White = 29%, Black = 64%.} 0-1

[Event "38th IND-chT 2018"]
[Site "Patia"]
[Date "2018.02.11"]
[Round "6"]
[White "Agarwal, Brajesh"]
[Black "Nayak Rajesh"]
[Result "1-0"]
[WhiteElo "1899"]
[BlackElo "2263"]
[Annotator "NA"]
[PlyCount "67"]
[EventDate "2018.??.??"]
[EventType "team-tourn"]
[EventCountry "IND"]
[SourceTitle "playchess.com"]
[Source "ChessBase"]
[SourceQuality "1"]
[TimeControl "5400+30"]

1. d4 Nf6 2. c4 g6 3. Nc3 Bg7 4. e4 d6 5. f3 Nc6 6. Be3 a6 7. Nge2 Rb8 8. Qd2 O-O 9. Nc1 e5 10. d5 Nd4 11. N1e2 c5 12. dxc6 bxc6 13. Nxd4 exd4 14. Bxd4 Re8 15. Be2 d5 16. cxd5 Rb4 {E84: Königsindisch (Sämisch-Angriff)} 17. Bc5 Nxe4 18. fxe4 Bxc3 19. Qxc3 Rbxe4 20. O-O Rxe2 21. dxc6 Qg5 22. Bf2 R8e3 23. Qc4 Re4 24. Qb3 (24. Qd3) 24... Be6 25. Qb8+ Kg7 26. c7 $146 ({Vorgänger:} 26. Rad1 Bd5 27. Rxd5 Qxd5 28. c7 Rxf2 29. Qh8+ Kh6 {0-1 (29) Hesham,A (2418)-Nayak,R (2089) Chennai 2017}) 26... Rc2 27. Qd8 Re5 28. Qxg5 Rxg5 29. Rac1 $18 Rxc1 30. Rxc1 Bc8 31. Rd1 Bb7 32. h3 Ra5 33. Rd8 Rxa2 34. Bd4+ 1-0

[Event "38th IND-chT 2018"]
[Site "Patia"]
[Date "2018.02.11"]
[Round "6"]
[White "Jayakumar, P.."]
[Black "Krishna C R G"]
[Result "0-1"]
[WhiteElo "1875"]
[BlackElo "2416"]
[Annotator "TA"]
[PlyCount "94"]
[EventDate "2018.??.??"]
[EventType "team-tourn"]
[EventCountry "IND"]
[SourceTitle "playchess.com"]
[Source "ChessBase"]
[SourceQuality "1"]

{[%evp 18,94,23,14,70,45,43,56,62,0,0,0,20,12,42,7,20,0,0,0,0,-15,-13,-21,-20,-16,-14,-45,-43,-71,-56,-45,-39,-82,-91,-188,-139,-131,-130,-191,-177,-185,-175,-168,-187,-181,-182,-212,-217,-197,-194,-215,-209,-196,-191,-178,-148,-133,-123,-288,-200,-437,-417,-520,-527,-649,-604,-733,-720,-798,-790,-794,-785,-821,-777,-836,-831,-897,-897]} 1. e4 e6 2. d4 d5 3. exd5 exd5 4. Nf3 Bd6 5. Bd3 Nc6 6. O-O Bg4 7. c3 Nge7 8. Re1 Qd7 9. Nbd2 f6 10. b4 {LiveBook: 11 Games} Kf7 $146 {C01: French: Exchange Variation} (10... O-O $11) ({Predecessor:} 10... O-O 11. Nf1 Rae8 12. a4 Ng6 13. Ne3 Be6 14. g3 Nce7 15. Ra2 Nf5 16. Ng2 Bf7 17. Rae2 Rxe2 18. Rxe2 Re8 {½-½ (40) Leko,P (2731)-Morozevich,A (2724) Sochi 2014}) 11. Nb3 {Strongly threatening h3.} Ng6 12. h3 Bf5 {White is slightly better.} 13. Qc2 ({Better is} 13. b5 $14 Nce7 14. Nc5 Bxc5 15. dxc5) 13... Bxd3 14. Qxd3 a6 15. Bd2 Nge7 16. a4 (16. Re3 {is interesting.} Qf5 17. Qe2 Ng6 18. Re1 Nf4 19. Qf1) 16... Qf5 17. Qxf5 (17. Qe2 {looks sharper.} Ng6 18. Be3 Rhe8 19. Qa2 Kg8 20. a5) 17... Nxf5 18. g4 Nfe7 19. Kg2 b6 20. Nc1 h5 21. Nd3 Ng6 22. Rh1 Rae8 23. Rae1 {[#]} Re4 $1 24. g5 Nce7 {[%cal Bc6e7,Be7f5,Bf5h4,Bh4g2][%mdl 32]} 25. Be3 Nf5 26. Nd2 (26. gxf6 $17 Ngh4+ 27. Nxh4 Nxh4+ 28. Kf1) 26... Re7 27. Nf3 Rhe8 28. Bc1 (28. gxf6 $17 Nxe3+ 29. fxe3 gxf6 30. Rhf1) 28... Ngh4+ 29. Nxh4 Nxh4+ 30. Kf1 Rxe1+ 31. Nxe1 fxg5 32. Nd3 {[#]} Kg6 $1 33. Be3 Kf5 34. Ke2 Ng2 35. Kd2 Nxe3 36. fxe3 $19 {[%mdl 4096] Endgame KRB-KRN} Re4 37. Nf2 Re6 38. Kd3 $2 (38. Rg1 $17) 38... Bg3 39. Nd1 $2 (39. Rf1 {was the only defense.} Kg6 40. Nd1) 39... g4 40. Rg1 h4 {[%cal Bh5h4,Bh4h3,Bh3h2][%mdl 32] Black is clearly winning.} 41. Rf1+ Kg5 42. hxg4 h3 43. c4 dxc4+ 44. Kxc4 h2 45. Kd3 Kxg4 46. e4 Kh3 47. Ne3 {[#]} Bf2 $1 {[%mdl 512] Precision: White = 29%, Black = 72%.} 0-1

[Event "38th IND-chT 2018"]
[Site "Patia"]
[Date "2018.02.12"]
[Round "7"]
[White "Adhiban, B.."]
[Black "Narayanan.S.L"]
[Result "1-0"]
[WhiteElo "2643"]
[BlackElo "2573"]
[Annotator "TA"]
[PlyCount "147"]
[EventDate "2018.??.??"]
[EventType "team-tourn"]
[EventCountry "IND"]
[SourceTitle "playchess.com"]
[Source "ChessBase"]
[SourceQuality "1"]

{[%evp 12,147,30,27,27,28,27,14,18,19,16,13,35,15,19,15,11,8,12,0,14,8,31,31,35,32,37,37,39,31,31,29,29,30,36,29,36,36,45,45,56,28,52,56,62,0,48,36,35,35,27,17,28,25,19,20,77,77,77,77,87,87,87,87,92,92,92,95,90,91,96,97,135,129,125,127,214,224,229,233,210,215,216,196,204,203,1138,1115,1468,1339,1109,485,4334,12839,12836,12836,12839,12842,12846,12849,12839,12847,12848,12848,12841,12841,12835,12835,12834,12830,12836,12837,6122,5304,29951,29949,29953,29951,29956,29958,29958,29958,29958,29959,29959,29960,29960,29961,29961,29963,29963,29959,29961,29963,29963,29961,12797,12359]} 1. Nf3 d5 2. d4 Bf5 3. c4 e6 4. Nc3 Nc6 5. a3 Nf6 6. Bg5 {D06: Queen's Gambit: Symmetrical and Baltic Defences} (6. cxd5 Nxd5 7. e3 Bd6 8. Bd2 Nf6 9. Bb5 O-O 10. Qe2 Ne4 11. Nxe4 Bxe4 12. Bc3 f5 13. O-O {1-0 (58) Ghaem Maghami,E (2551)-Vidit,S (2658) Tashkent 2016}) 6... Be7 7. e3 {LiveBook: 6 Games} Ne4 8. Bxe7 {White has an edge.} Nxe7 9. Rc1 O-O 10. Be2 dxc4 $146 ({Predecessor:} 10... c6 11. O-O dxc4 12. Bxc4 Nd5 13. Nxe4 Bxe4 {0-1 (40) Bosbach,G (2196)-Krenz,V (2266) Germany 2008}) 11. Bxc4 Rc8 12. Bd3 Nxc3 13. Rxc3 Bxd3 14. Rxd3 Qd5 15. O-O Rfd8 16. Rd2 Nf5 17. Qa4 Nd6 18. Rc1 Qb5 19. Qxb5 ({Don't go for} 19. Qxa7 $2 Ne4 $19) 19... Nxb5 20. Rdc2 c6 21. Kf1 f6 22. Ke2 Kf7 23. Ne1 Rc7 24. Nd3 Re7 25. a4 Nd6 26. b4 Ke8 27. Rc5 Ne4 28. R5c2 (28. Rh5 {keeps more tension.} g6 29. Ra5 a6 30. f3 Nd6 31. g4) 28... Nd6 29. h4 a5 30. b5 cxb5 31. axb5 b6 32. Rc6 $36 {[%mdl 2048] White fights for an advantage.} Rb7 33. Nf4 Kd7 (33... Ke7 $11) 34. d5 $1 $16 exd5 35. Nxd5 Nxb5 36. Rxb6 Rxb6 37. Nxb6+ {[%mdl 4096] Endgame KRN-KRN} Ke6 38. Rc5 Nd6 39. Rxa5 Ne4 40. Kf3 Nd2+ 41. Kf4 g5+ 42. hxg5 fxg5+ 43. Kg4 ({Reject} 43. Rxg5 $6 Rf8+ 44. Kg4 Rxf2 $11) 43... Ne4 (43... h6 $16 {was worth a try.} 44. f4 gxf4) 44. f3 $18 Nf6+ 45. Kxg5 Rg8+ 46. Kf4 Rxg2 47. Re5+ Kf7 48. Nd5 {aiming for Rf5.} Nxd5+ $2 (48... Ng8 49. e4 Ra2) 49. Rxd5 {KR-KR} Kg6 50. Rd6+ Kg7 51. Kf5 (51. e4 $142 h5 52. Rd1) 51... h5 (51... Rg3 $142 52. Rd7+ Kh6) 52. Rd7+ Kh6 53. f4 h4 54. e4 h3 55. Rd3 h2 56. Rh3+ Kg7 57. e5 Kf7 58. Rh4 Kg7 59. Ke4 Kg6 60. Kf3 Ra2 61. Kg3 Kf5 62. Rh5+ Ke4 63. Rxh2 Ra6 64. Rh5 Ra1 65. e6 Rg1+ 66. Kf2 Rg8 {[#]} 67. Rg5 $1 Re8 {[#]} 68. Kg3 $1 ({And not} 68. f5 Kf4 $11) 68... Rxe6 69. Kg4 Re8 70. Rg7 Kd5 71. Kg5 Re1 72. f5 Kd6 73. Kg6 Re8 74. Ra7 {Precision: White = 81%, Black = 37%.} 1-0

[Event "38th IND-chT 2018"]
[Site "Patia"]
[Date "2018.02.12"]
[Round "7"]
[White "Karthikeyan, Murali"]
[Black "Visakh N R"]
[Result "1-0"]
[WhiteElo "2585"]
[BlackElo "2457"]
[Annotator "TA"]
[PlyCount "73"]
[EventDate "2018.??.??"]
[EventType "team-tourn"]
[EventCountry "IND"]
[SourceTitle "playchess.com"]
[Source "ChessBase"]
[SourceQuality "1"]

{[%evp 25,73,24,23,5,14,0,9,5,21,21,15,26,18,14,22,22,44,4,35,0,0,-34,-27,-49,-29,-31,-29,-47,0,0,0,0,33,8,0,18,17,23,297,0,0,0,187,177,29995,29996,29996,29997,29997,29998]} 1. e4 e5 2. Nf3 Nc6 3. Bb5 {[%cal Bf1b5,Bb5a4,Ba4b3][%mdl 32]} a6 4. Ba4 Nf6 5. O-O Be7 6. Re1 b5 7. Bb3 d6 8. c3 O-O 9. h3 Bb7 10. d3 Na5 11. Bc2 c5 12. Nbd2 {[%cal Bb1d2,Bd2f1,Bf1e3][%mdl 32]} Qc7 13. Nf1 Rfe8 {LiveBook: 17 Games} 14. Bg5 {C92: Closed Ruy Lopez: 9...Be6, Karpov and Flohr-Zaitsev Variations} (14. Bd2 h6 15. b4 Nc6 16. Bb3 Bf8 17. Rc1 Qd7 18. Ne3 cxb4 19. cxb4 d5 20. Bxd5 Nxb4 21. Bxb7 Qxb7 {½-½ (29) Blanco Gramajo,C (2531)-Martin Clemente,J (2645) ICCF email 2010}) 14... d5 $146 ({Predecessor:} 14... h6 15. Bxf6 Bxf6 16. Ne3 Qd8 17. a3 Rc8 18. Qe2 Qd7 19. Rad1 Nc6 20. Bb3 Nd8 21. Bd5 Ne6 {1-0 (41) Presnyakov,V (2295)-Nordal,S (2288) ICCF email 2015}) 15. Ne3 dxe4 16. dxe4 {The position is equal.} Rad8 17. Qe2 Nh5 (17... Bxe4 $2 18. Bxe4 Nxe4 19. Bxe7 $18) (17... Nxe4 $2 18. Bxe7 Rxe7 19. Nf5 $18) 18. Bxe7 Nf4 19. Qf1 Rxe7 20. g3 {a4 is the strong threat.} Ne6 21. h4 c4 22. h5 Nc5 23. Nf5 Red7 24. Re3 f6 25. Rb1 Qb6 26. Qh3 Qe6 27. b4 cxb3 28. axb3 {[%cal Ba2b3,Bb3b4][%mdl 32]} Kf8 {[%cal Rc5b3]} 29. b4 $1 {[%csl LRa5,LRc5]} Nc4 $1 {[%cal Rc4e3]} 30. bxc5 {Strongly threatening Bb3.} Nxe3 31. fxe3 Qc4 $2 {[%mdl 8192] [#]} (31... Qa2 $11 32. Ne1 Rd2) 32. h6 $2 (32. Rf1 $1 $18) 32... g6 $1 $11 33. Qh4 $1 gxf5 $2 {[#]} (33... Rf7 $1 $11 {and Black is okay.} 34. Nxe5 Qe2 35. Nxg6+ (35. Nxf7 $2 Rd2 $19) 35... hxg6) 34. Bb3 $1 $36 {[%mdl 2048] White is in control.} (34. Qxf6+ Qf7 $16) 34... Qxe4 $2 (34... Qxc5 $18 35. Qxf6+ Ke8) 35. Qxf6+ {White mates.} Ke8 36. Qh8+ Ke7 37. Qg7+ {Precision: White = 55%, Black = 27%.} 1-0